000 00903nam0a22002651 4500
001 rc\988296
005 20250622070159.0
035 _a(NLR Aleph) 006155690
090 _a5809289
_c5809289
100 _a20041129d1981 |||y0rusy50 ca
101 0 _arus
102 _aRU
105 _aa |||||||||
200 1 _aТермическая обработка толстолистовой стали
210 _aМ.
_cИнформсталь
_d1981
215 _a31 с.
_cил.
_d20
225 1 _aОбзор
_fМеждунар. система науч. и техн. информ. по чер. металлургии
_vВып. 12 (105)
300 _aАвт. указан на обороте тит. л.
320 _aБиблиогр.: с. 28-30 (54 назв.)
700 1 _aГочал
_bЯ.
801 0 _aRU
_bNLR
_gpsbo
801 1 _aRU
_bELAR
_2rusmarc
852 _aNLR
_jП10/5469
942 _cBOOK
980 _aNB